My pet

Bibliographic Details
Main Author: Jones, Faye
Corporate Author: Title
Format: Book
Published: Kuala Lumpur : Scholar's Publications , 2006
Series:Thematic reading scheme
Subjects:

MARC

LEADER 00000cam a2200000 7i4500
001 0000001601
005 20220105103923.0
008 070706
020 |a 9833436722 
020 |a 9833515649(set) 
090 0 0 |a JP   |b EL ENG (1916) 
100 1 |a Jones, Faye 
245 1 0 |a My pet   |c Faye Jones 
260 |a Kuala Lumpur :   |b Scholar's Publications ,   |c 2006 
440 0 |a Thematic reading scheme 
500 |a Children age 4-6 years old (yellow) 
650 0 |a Early learning 
650 0 |a Junior preschool   |x English   |x Languages 
710 0 |a Title 
999 |a 0000965497   |b Book   |c Children Collection   |e Perbadanan Perpustakaan Awam Johor 
999 |a 0000965498   |b Book   |c Children Collection   |e Perbadanan Perpustakaan Awam Johor 
999 |a 0000965499   |b Book   |c Children Collection   |e Perbadanan Perpustakaan Awam Johor 
999 |a 0000965500   |b Book   |c Children Collection   |e Perbadanan Perpustakaan Awam Johor 
999 |a 0000965501   |b Book   |c Children Collection   |e Perbadanan Perpustakaan Awam Johor 
999 |a 0000987950   |b Book   |c Children Collection   |e Cawangan Segamat 
999 |a 0000987951   |b Book   |c Children Collection   |e Cawangan Tangkak 
999 |a 0001044304   |b Book   |c Children Collection   |e Cawangan Tmn. Ungku Tun Aminah 
999 |a 0001044305   |b Book   |c Children Collection   |e Cawangan Tangkak 
999 |a 0001044307   |b Book   |c Children Collection   |e Cawangan Taman Universiti 
999 |a 0001044308   |b Book   |c Children Collection   |e Cawangan Mersing 
999 |a 0001044309   |b Book   |c Children Collection   |e Cawangan Pontian 
999 |a 0001044310   |b Book   |c Children Collection   |e Cawangan Bukit Gambir 
999 |a 0001074277   |b Book   |c Children Collection   |e Cawangan Tangkak 
999 |a 0001074279   |b Book   |c Children Collection   |e Cawangan Pontian 
999 |a 0001074282   |b Book   |c Children Collection   |e Cawangan Taman Universiti 
999 |a 0001074283   |b Book   |c Children Collection   |e Cawangan Taman Universiti 
999 |a 0001146456   |b Book   |c Children Collection   |e Cawangan Tmn. Ungku Tun Aminah 
999 |a 0001146458   |b Book   |c Children Collection   |e Cawangan Pontian 
999 |a 0001146460   |b Book   |c Children Collection   |e Cawangan Segamat 
999 |a 0001146461   |b Book   |c Children Collection   |e Cawangan Taman Universiti 
999 |a 0001146463   |b Book   |c Children Collection   |e Cawangan Segamat 
999 |a 0001146465   |b Book   |c Children Collection   |e Cawangan Pontian 
999 |a 0001146470   |b Book   |c Chinese Collection   |e Cawangan Bandar Penawar 
999 |a 0001146471   |b Book   |c Children Collection   |e Cawangan Bukit Gambir 
999 |a 0001146472   |b Book   |c Children Collection   |e Cawangan Tangkak 
999 |a 0001148020   |b Book   |c Children Collection   |e Cawangan Tangkak 
999 |a 0001148021   |b Book   |c Children Collection   |e Cawangan Bandar Tenggara 
999 |a 0001148022   |b Book   |c Children Collection   |e Cawangan Tangkak 
999 |a 0001148023   |b Book   |c Children Collection   |e Cawangan Bukit Gambir 
999 |a 0001148024   |b Book   |c Children Collection   |e Cawangan Bandar Penawar 
999 |a 0001148028   |b Book   |c Children Collection   |e Cawangan Pontian 
999 |a 0001148033   |b Book   |c Children Collection   |e Cawangan Taman Universiti 
999 |a 0001148034   |b Book   |c Children Collection   |e Cawangan Segamat 
999 |a 0001148637   |b Book   |c Children Collection   |e Cawangan Pontian 
999 |a 0001148640   |b Book   |c Children Collection   |e Cawangan Segamat 
999 |a 0001148642   |b Book   |c Chinese Collection   |e Cawangan Bandar Penawar